Most Guessed Cities by U.S. State #2 - Statistics

General Stats
  • This quiz has been taken 17,562 times
  • The average score is 21 of 40
Answer Stats
State % City % Correct
Colorado 100 Denver
95%
Washington 100 Seattle
94%
Massachusetts 100 Boston
93%
Illinois 100 Chicago
93%
Arizona 100 Phoenix
93%
Alaska 97 Anchorage
85%
Alaska 93 Juneau
81%
Wisconsin 97 Milwaukee
75%
Massachusetts 69 Springfield
71%
Illinois 86 Springfield
71%
Colorado 89 Colorado Springs
69%
Wisconsin 94 Madison
68%
New Jersey 93 Newark
68%
Arizona 90 Tucson
67%
New Jersey 87 Trenton
63%
Washington 79 Olympia
62%
Alaska 77 Fairbanks
58%
Colorado 79 Boulder
56%
New Jersey 83 Jersey City
56%
Wisconsin 87 Green Bay
54%
Washington 79 Spokane
50%
Washington 75 Tacoma
46%
Arizona 74 Flagstaff
43%
Colorado 73 Aurora
42%
Illinois 54 Aurora
42%
Arizona 76 Mesa
41%
Arizona 67 Scottsdale
33%
Massachusetts 68 Cambridge
32%
Massachusetts 70 Worcester
31%
Alaska 53 Nome
28%
Illinois 56 Peoria
26%
Washington 67 Vancouver
26%
Colorado 60 Fort Collins
25%
Alaska 47 Barrow
18%
Wisconsin 60 Kenosha
18%
New Jersey 56 Camden
17%
Wisconsin 56 Eau Claire
17%
Illinois 54 Rockford
17%
New Jersey 52 Elizabeth
15%
Massachusetts 51 Lowell
15%
No matching quizzes found
Score Distribution
Percent of People with Each Score
Percentile by Number Answered
Your Score History
You have not taken this quiz